[Event "Bremen-ch"]
[Site "Bremen"]
[Date "2019.04.17"]
[Round "6.11"]
[White "Kohn, Matthias"]
[Black "Yavarpoor, Mohammad"]
[Result "1-0"]
[WhiteElo "1637"]
[BlackElo "1834"]
[PlyCount "133"]
[EventDate "2019.04.13"]
[EventType "swiss"]
[EventRounds "9"]
[EventCountry "GER"]
[SourceTitle "EXT 2020"]
[Source "ChessBase"]
[SourceDate "2019.10.17"]
[SourceVersion "1"]
[SourceVersionDate "2019.10.17"]
[SourceQuality "1"]

1. c4 f5 2. g3 e6 3. Bg2 c6 4. Nf3 Nf6 5. 0-0 d5 6. d3 Bd6 7. Nc3 0-0 8. e4 fxe4 9. dxe4 dxe4 10. Ng5 Qe7 11. Ngxe4 Nxe4 12. Nxe4 Bc7 13. Bg5 Qf7 14. Nd6 Bxd6 15. Qxd6 h6 16. Bf4 Nd7 17. Rad1 Nf6 18. Rd2 g5 19. Be5 Nd7 20. Re1 a5 21. Bc3 Nf6 22. Qd4 Qe7 23. Re3 c5 24. Qe5 Kf7 25. Rf3 Kg6 26. Bf1 a4 27. Bd3+ Kg7 28. Qe4 Kg8 29. Qg6+ Qg7 30. Rxf6 Qxg6 31. Bxg6 b6 32. Rxf8+ Kxf8 33. Bf6 Ba6 34. b3 b5 35. cxb5 Bxb5 36. Rd8+ Rxd8 37. Bxd8 axb3 38. axb3 c4 39. bxc4 Bxc4 40. Bf6 Bd5 41. Kf1 Bf3 42. Ke1 Kg8 43. Kd2 Bd5 44. Ke3 Kf8 45. Kd4 Ba2 46. Ke5 Bb3 47. Kd6 Bc4 48. Be7+ Kg7 49. Bh5 Bb3 50. Ke5 Bc4 51. Bf6+ Kg8 52. Bg4 Kf7 53. h4 gxh4 54. Bxh4 Bb3 55. Bd8 Ke8 56. Bxe6 Bc2 57. Bf6 Kf8 58. Bf5 Bd1 59. Be4 Kf7 60. Kf5 Bb3 61. Bd8 Bc4 62. Kg4 Kg7 63. Bb6 Bf7 64. Bd4+ Kg8 65. Kf5 Bh5 66. Kf6 Kh8 67. Bg6 1-0

[Event "Heusenstamm Sparkassen op-B 4th"]
[Site "Heusenstamm"]
[Date "2017.11.25"]
[Round "4"]
[White "Popp, Johann"]
[Black "Kohn, Matthias"]
[Result "1/2-1/2"]
[WhiteElo "1561"]
[BlackElo "1739"]
[PlyCount "152"]
[EventDate "2017.11.23"]
[EventType "swiss"]
[EventRounds "7"]
[EventCountry "GER"]
[SourceTitle "EXT 2019"]
[Source "ChessBase"]
[SourceDate "2018.10.10"]
[SourceVersion "1"]
[SourceVersionDate "2018.10.10"]
[SourceQuality "1"]

1. d4 c5 2. c3 Qa5 3. Nf3 Nf6 4. Nbd2 e6 5. Nb3 Qc7 6. dxc5 Na6 7. Be3 Ng4 8. Bg5 h6 9. Bh4 Nxc5 10. h3 Nxb3 11. Qxb3 Nf6 12. Bg3 Qa5 13. e3 Be7 14. Bd3 0-0 15. 0-0 b6 16. Rfd1 Bb7 17. Nd2 Rac8 18. Nc4 Qg5 19. Bf1 Bc5 20. Qc2 d5 21. Bf4 Qh5 22. Be2 Qh4 23. Bg3 Qg5 24. Bf4 Qg6 25. Bd3 Ne4 26. Ne5 Qh5 27. Bxe4 dxe4 28. Nd7 Rfd8 29. Nxc5 Qxc5 30. Rxd8+ Rxd8 31. Rd1 Qe7 32. Be5 f5 33. Rd4 Bd5 34. c4 Rc8 35. Qb3 Bb7 36. Qd1 Ba6 37. Rd7 Qc5 38. Rxg7+ Kf8 39. Qd4 Qxd4 40. Bxd4 Bxc4 41. Rxa7 b5 42. Bg7+ Ke8 43. Bxh6 Bd5 44. a3 Rc1+ 45. Kh2 Rc2 46. Kg3 Rxb2 47. Bf4 Ra2 48. Bd6 Bc4 49. h4 Ra1 50. Kf4 Rh1 51. g3 Rh2 52. Kg5 Rxf2 53. h5 Rh2 54. h6 e5 55. Bxe5 Bf7 56. Kxf5 Rxh6 57. Kxe4 Rh1 58. Kd4 Rd1+ 59. Kc3 Bc4 60. Bf4 Be2 61. e4 Rd3+ 62. Kc2 Rd4 63. e5 Bg4 64. Kc3 Rc4+ 65. Kb3 Be6 66. Kb2 Re4 67. Ra5 Bd7 68. Kc3 Kf7 69. Kd3 Re1 70. Kd4 Ke7 71. Kc5 Rc1+ 72. Kb6 Rc3 73. Ra7 Ke8 74. Ra8+ Ke7 75. Ra7 Ke8 76. Ra8+ Ke7 1/2-1/2